000
00330 a2200145 4500
001
170272
020
_a
040
_c
Magnum
100
_a
Colegio Magnum Agostiniano - 2ยช Series
240
1
0
_a
Projeto cientifico de ingles
_l
por
245
1
0
_a
Projeto cientifico de ingles
362
0
_a
1899
697
_a
GERAL
942
_c
BK
999
_c
170272
_d
170272